Вып. 7; Советская графика

Manylion Llyfryddiaeth
Parent link:Советская графика/ под ред. А. Л. Саминского. Вып. 7.— , 1974-1986
Awduron Eraill: Холина М. (составитель)
Iaith:Rwseg
Cyhoeddwyd: 1983
Pynciau:
Fformat: Llyfr
KOHA link:https://koha.lib.tpu.ru/cgi-bin/koha/opac-detail.pl?biblionumber=301701

MARC

LEADER 00000nam2a2200000 4500
001 301701
005 20231102001428.0
035 |a (RuTPU)RU\TPU\book\326877 
035 |a RU\TPU\book\310596 
090 |a 301701 
100 |a 20150812d1983 km y0rusy50 ca 
101 0 |a rus 
102 |a RU 
105 |a a z 001zd 
200 0 |a Вып. 7  |f сост. М. Холина 
210 |d 1983 
215 |a 335 с.  |c ил. 
320 |a Именной указатель: с. 330-333 
461 1 |0 (RuTPU)RU\TPU\book\331355  |t Советская графика  |f под ред. А. Л. Саминского  |v Вып. 7  |d 1974-1986 
600 1 |a Верейский  |b О. Г.  |g Орест Георгиевич  |c российский график  |f 1915-1993  |2 stltpush  |3 (RuTPU)RU\TPU\pers\12275 
606 1 |a Графика  |2 stltpush  |3 (RuTPU)RU\TPU\subj\8566  |9 35956 
610 1 |a эстампы 
610 1 |a пейзажи 
610 1 |a художники 
610 1 |a граверы 
610 1 |a графическое искусство 
610 1 |a книжные иллюстраторы 
610 1 |a рисунки 
610 1 |a выставки 
675 |a 76  |v 3 
702 1 |a Холина  |b М.  |4 220 
801 1 |a RU  |b 63413507  |c 20150304 
801 2 |a RU  |b 63413507  |c 20190305  |g RCR 
942 |c BK